Statystyki dla pytania geograficzne cz.1

Kliknij tutaj aby rozwiązać quiz!

Ogólne statystyki

  • Ten quiz został rozwiązany 74 razy
  • Średni wynik to 6 z 8

Statystyki odpowiedzi

ZagadnienieOdpowiedź% Poprawnych
Które państwo nie istniejeGarbia
95%
Najnowszy kraj na świecieSudan południowy
95%
Które z tych państw istniejeGrenada
92%
Która flaga to Jordania
91%
Nieuznawane państwo zaliczana do MołdawiNadniestrze
77%
Które z tych terytoriów zależnych nie jest nimPalestyna
64%
Państwo z tych bez wojskaPanama
42%
Kto posiada wyspę GuamStany Zjednoczone
41%

Rozkład punktacji

Percentyl według liczby udzielonych odpowiedzi

Procent ludzi z każdym wynikiem

Twoja historia wyników

Nie rozwiązałeś tego quizu